European Cast Iron in the Birmingham Museum of Art (Record no. 6969)

MARC details
000 -CABECERA
campo de control de longitud fija 01086nam a2200241 a 4500
001 - NÚMERO DE CONTROL
campo de control BRCA_7292
005 - FECHA Y HORA DE LA ÚLTIMA TRANSACCIÓN
campo de control 20190320205801.0
008 - DATOS DE LONGITUD FIJA--INFORMACIÓN GENERAL
campo de control de longitud fija 030412s2009----ag-#######---#000-0#eng-#
020 ## - NÚMERO INTERNACIONAL ESTÁNDAR DEL LIBRO
Número Internacional Estándar del Libro 9783922912651
050 #4 - SIGNATURA TOPOGRÁFICA DE LA BIBLIOTECA DEL CONGRESO
Número de clasificación NK8250
Número de documento/Ítem .F67 2009
100 1# - ENTRADA PRINCIPAL--NOMBRE DE PERSONA
Nombre de persona Forschler-Tarrasch, Anne
9 (RLIN) 18046
245 10 - MENCIÓN DE TÍTULO
Título European Cast Iron in the Birmingham Museum of Art
Resto del título The Gustav Lamprecht and Maurice Garbáty Collections = Europäischer Eisenkunstguss im Birmingham Museum of Art : Die Sammlungen von Gustav Lamprecht und von Maurice Garbáty
Mención de responsabilidad, etc. Anne Forschler-Tarrasch.
260 ## - PUBLICACIÓN, DISTRIBUCIÓN, ETC.
Lugar de publicación, distribución, etc. Birmingham
Nombre del editor, distribuidor, etc. Birmingham Museum of Art
Fecha de publicación, distribución, etc. 2009
300 ## - DESCRIPCIÓN FÍSICA
Extensión 384 p.
Otras características físicas il.
Dimensiones 26 cm.
500 ## - NOTA GENERAL
Nota general Incluye índice alfabético
546 ## - NOTA DE LENGUA/LENGUAJE
Nota de lengua/lenguaje Texto en: inglés y alemán
600 14 - PUNTO DE ACCESO ADICIONAL DE MATERIA--NOMBRE DE PERSONA
Nombre de persona Lamprecht, Gustav
9 (RLIN) 18047
600 14 - PUNTO DE ACCESO ADICIONAL DE MATERIA--NOMBRE DE PERSONA
Nombre de persona Garbáty, Maurice
9 (RLIN) 18048
610 24 - PUNTO DE ACCESO ADICIONAL DE MATERIA--NOMBRE DE ENTIDAD CORPORATIVA
Nombre de entidad corporativa o nombre de jurisdicción como elemento de entrada Birmingham Museum of Art
Subdivisión general Colecciones de arte
9 (RLIN) 18049
650 14 - PUNTO DE ACCESO ADICIONAL DE MATERIA--TÉRMINO DE MATERIA
Término de materia o nombre geográfico como elemento de entrada Trabajos en hierro
Subdivisión de forma Catálogos
9 (RLIN) 18050
740 0# - PUNTO DE ACCESO ADICIONAL--TÍTULO RELACIONADO O ANALÍTICO NO CONTROLADO
Título relacionado o analítico no controlado Europäischer Eisenkunstguss im Birmingham Museum of Art : Die Sammlungen von Gustav Lamprecht und von Maurice Garbáty
942 ## - ELEMENTOS DE PUNTO DE ACCESO ADICIONAL (KOHA)
Fuente del sistema de clasificación o colocación Library of Congress Classification
Tipo de ítem Koha Libros
Holdings
Estado de retiro Estado de pérdida Estado dañado No para préstamo Localización permanente Ubicación/localización actual Fecha de adquisición Total de préstamos Signatura topográfica completa Código de barras Fecha visto por última vez Precio válido a partir de Tipo de ítem Koha
El ejemplar forma parte de la colección y puede ser consultado según las políticas vigentes.       Biblioteca del Museo Franz Mayer (Rogerio Casas-Alatriste) Biblioteca del Museo Franz Mayer (Rogerio Casas-Alatriste) 03/04/2012   NK8250 .F67 2009 00656 22/03/2019 22/03/2019 Libros